| 000 | 00632cam a22002171 4500 | ||
|---|---|---|---|
| 001 | ne 62001774 | ||
| 003 | DLC | ||
| 005 | 20260227111739.0 | ||
| 008 | 900626s1961 ua 000 0 ararc | ||
| 010 | _ane 62001774 | ||
| 025 | _aPL480: UAR-436 | ||
| 035 | _a(OCoLC)21922295 | ||
| 040 |
_aPrinceton Univ. Libr. _cWaU _dDLC |
||
| 042 | _apremarc | ||
| 050 | 0 | 0 |
_aBJ1668.A7 _bS3 |
| 100 | 1 |
_aṢalībā, Jamīl, _d1902- |
|
| 245 | 1 | 0 |
_aMin al-khayāl ilá al-ḥaqīqah _c[taʼlīf] Jamīl Ṣalībā. |
| 260 |
_a[al-Qāhirah] _bDār al-Fikr al-ʻArabī _c[1961?] |
||
| 300 |
_a147 p. _c19 cm. |
||
| 650 | 0 |
_aYouth _xConduct of life. |
|
| 999 |
_c45374 _d45374 |
||